| 000 | 00877cam a22002655a 4500 | ||
|---|---|---|---|
| 999 |
_c27452 _d27423 |
||
| 001 | 17299343 | ||
| 005 | 20190513094404.0 | ||
| 008 | 120515t2013 caua frb 001 0 eng d | ||
| 010 | _a 2012012021 | ||
| 020 | _a9781412981194 (pbk.) | ||
| 020 | _a1412981190 (pbk.) | ||
| 040 |
_aDLC _beng _cDLC _dDLC _dEG-ScBUE |
||
| 082 | 0 | 4 |
_a001.42 _bMAX _222 |
| 100 | 1 |
_aMaxwell, Joseph Alex, _d1941- |
|
| 245 | 1 | 0 |
_aQualitative research design : _ban interactive approach / _cJoseph A. Maxwell. |
| 250 | _a3rd ed. | ||
| 260 |
_aThousand Oaks, Calif. : _bSAGE Publications, _cc.2013. |
||
| 300 |
_axi, 218 p. : _bill. ; _c23 cm. |
||
| 490 | 0 |
_aApplied social research methods ; _vv. 41 |
|
| 504 | _aIncludes bibliographical references (p. 201-210) and index. | ||
| 650 | 7 |
_aResearch _xMethodology. _2BUEsh _927690 |
|
| 651 | _2BUEsh | ||
| 653 |
_bBUSADM _bGGEN _cMay2019 |
||
| 942 | _2ddc | ||